Algebraic groups and discontinuous subgroups

Αποθηκεύτηκε σε:
Λεπτομέρειες βιβλιογραφικής εγγραφής
Συλλογικό Έργο: Symposium in Pure Mathematics, American Mathematical Society
Άλλοι συγγραφείς: Borel, Armand (Επιμελητής έκδοσης), Mostow, George D. (Επιμελητής έκδοσης)
Μορφή: Βιβλίο
Γλώσσα:English
Δημοσίευση: Providence, Rhode island : American Mathematical Society, c1966.
Σειρά:Proceedings of symposia in pure mathematics ; 9
Θέματα:
Ετικέτες: Προσθήκη ετικέτας
Δεν υπάρχουν, Καταχωρήστε ετικέτα πρώτοι!

MARC

LEADER 00000cam a2200000 i 4500
001 1/45891
008 941103s1966 riu ||| | eng||
020 |a 0821814095 
035 |a 1993  |l 10042657 
040 |a GR-MyUA  |b gre  |e AACR2 
041 0 |a eng 
082 0 |a 512.2  
110 1 |a Symposium in Pure Mathematics. 
245 1 0 |a Algebraic groups and discontinuous subgroups /   |c Armand Borel and George D. Mostow, editors.  
260 |a Providence, Rhode island :   |b American Mathematical Society,   |c c1966.  
300 |a vii, 426 σ. ;   |c 26 εκ.  
490 1 |a (Proceedings of symposia in pure mathematics   |v ; 9) 
504 |a Περιέχει βιβλιογραφικές αναφορές και ευρετήριο.  
500 |a Proceedings of the Symposium in Pure Mathematics of the American Mathematical Society held at the University of Colorado, Boulder, Colorado, July 5 - August 6, 1965 
650 0 0 |a Group theory. 
700 1 |a Borel, Armand,  |e edt 
700 1 |a Mostow, George D.  |e edt 
710 2 |a American Mathematical Society. 
830 0 |a Proceedings of symposia in pure mathematics ;  |v  9 
852 |a INST  |b SAMOS  |e 19941103  |h 512.2 SYM  |p 005300007386  |q 005300007386  |t BK  |y 0 
909 |a Σ  |b 033468